Statistiques concernant Vocabulaire Le corps

Cliquez ici pour prendre le quiz!

Statistiques générales

  • Ce quiz a été pris 74 fois
  • Le résultat moyen est 49 sur 81

Statistiques - réponses

HintRéponse% Correct
manomain
98%
cabezatête
98%
brazobras
95%
cuerpocorps
95%
músculomuscle
95%
piepied
95%
cuellocou
92%
lengualangue
92%
corazóncoeur
90%
orejaoreille
90%
pulmónpoumon
90%
bocabouche
87%
estómagoestomac
87%
nariznez
87%
pielpeau
87%
talóntalon
87%
abdomenabdomen
85%
dientedent
85%
dedodoigt
85%
barbabarbe
84%
pelocheveu
84%
ojosyeux
84%
codocoude
82%
rodillaGenou
82%
sangresang
82%
espaldados
80%
uñaongle
80%
páncreaspancréas
77%
cerebrocerveau
75%
frentefront
74%
dedo anularannulaire
72%
piernajambe
72%
dedo mediomajeur
72%
ojooeil
72%
apéndiceappendice
69%
tóraxthorax
69%
dedo índiceindex
67%
intestino gruesogros intestin
66%
fosa nasalnarine
66%
dedo del pieorteil
64%
palma de la manopaume de la main
64%
barrigaventre
64%
hombroépaule
62%
labiolèvre
62%
antebrazoavant-bras
61%
tobillocheville
59%
lóbulo de la orejalobe
59%
ombligonombril
59%
pechopoitrine
59%
hígadofoie
56%
bigotemoustache
56%
riñónrein
56%
amígdalasamygdale
54%
huesoos
54%
cejasourcil
52%
pulgarpouce
51%
pestañacil
49%
mandíbulamâchoire
49%
gargantagorge
48%
rectorectum
48%
costillacôte
46%
muslocuisse
46%
caravisage
44%
muñecapoignet
43%
barbillamenton
41%
vejigavessie
39%
nalgafesses
38%
mejillajoue
36%
pantorrillamollet
34%
caderahanche
28%
párpadopaupière
20%
bazorate
20%
pezóntéton
18%
meñiquepetit doigt
16%
espinillatibia
16%
encíasgencive
15%
esófagoesophage
11%
inglepubis
10%
sientempe
7%
pecatâche de rousseur
2%
intestino delgadointestine grêle
0%

Distribution des résultats

Percentile par nombre de réponses

% des personnes avec chaque résultat

Votre développement - résultats

Vous n’avez pas pris ce quiz